000 00549nam a2200193Ia 4500
005 20250508151142.0
008 008 250505s9999 xx 000 0 eng d
037 _aTextual
040 _aFEDL
_beng
_cFEDL
041 _aeng
_2eng
084 _a370.4, DAY
_qFEDL
100 _aDay Edmund Ezra Ed.
_9758557
245 0 _aEducation for freedom and responsibility
260 _aNew York, USA
_bCornell University Press
_c1952
300 _ax,202p.
650 _aEducation
942 _cTEXL
_h370.4, DAY
999 _c1327919
_d1327919